Największe państwa Europy w 1700 roku - Statystyki

Ogólne statystyki
  • Ten quiz został rozwiązany 8 302 razy
    6 117 od ostatniego zresetowania
  • Średni wynik to 12 z 18
Statystyki odpowiedzi
km2 Państwo % Poprawnych
4 000 000 Rosja
98%
1 000 000 Rzeczpospolita Obojga Narodów
97%
600 000 Francja
93%
300 000 Anglia (ze Szkocją)
92%
700 000 Hiszpania
91%
700 000 Monarchia Habsburgów
84%
1 000 000 Szwecja
84%
500 000 Królestwo Danii i Norwegii
80%
90 000 Portugalia
79%
100 000 Brandenburgia-Prusy
74%
1 500 000 Imperium Osmańskie
69%
40 000 Republika Zjednoczonych Prowincji
63%
40 000 Szwajcaria
47%
30 000 Bawaria
35%
40 000 Państwo Kościelne
28%
30 000 Saksonia
24%
100 000 Wenecja
22%
30 000 Hrabstwo Sabaudii
7%
Nie znaleziono quizów pasujących do podanych kryteriów
Rozkład punktacji
Procent ludzi z każdym wynikiem
Percentyl według liczby udzielonych odpowiedzi
Twoja historia wyników
Nie rozwiązałeś tego quizu od ostatniego zresetowania